|
|
|
|
| LEADER |
00000nas a2200000 a 4500 |
| 001 |
ssj0009460 |
| 003 |
WaSeSS |
| 005 |
20200512172242.0 |
| 006 |
m d |
| 007 |
cr n |
| 008 |
990917c19969999ncutr pss 0 a0eng c |
| 010 |
|
|
|a sn 99004907
|
| 022 |
|
|
|a 1527-8263
|l 1082-9636
|y 1082-9636
|
| 035 |
|
|
|a (WaSeSS)ssj0009460
|
| 037 |
|
|
|b Project Muse, The Johns Hopkins University Press, 2715 N. Charles Street, Baltimore, Maryland 21211
|
| 040 |
|
|
|a JHE
|b eng
|c JHE
|d NSD
|d JHE
|d GUA
|d OCLCQ
|d F#A
|d MUQ
|d EEM
|d OCLCQ
|d OCLCF
|d OCLCO
|d EUW
|d OCLCO
|d OCLCQ
|d WT2
|d GILDS
|d OCLCO
|d OCLCQ
|d TOF
|d WYU
|d VT2
|d OCLCQ
|d OCLCO
|d WaSeSS
|
| 042 |
|
|
|a nsdp
|a pcc
|
| 050 |
1 |
4 |
|a CB351
|
| 082 |
1 |
0 |
|a 940
|2 13
|
| 130 |
0 |
|
|a Journal of medieval and early modern studies (Online)
|
| 210 |
1 |
|
|a J. mediev. early mod. stud.
|b (Online)
|
| 222 |
|
4 |
|a The journal of medieval and early modern studies
|b (Online)
|
| 245 |
1 |
4 |
|a The journal of medieval and early modern studies
|h [electronic resource].
|
| 260 |
|
|
|a Durham, NC :
|b Duke University Press
|
| 310 |
|
|
|a Three times a year
|
| 362 |
1 |
|
|a Began with: V. 26, no. 1 (winter 1996).
|
| 506 |
|
|
|a License restrictions may limit access.
|
| 515 |
|
|
|a Preceded by a demo issue for Vol. 27, no. 1 (winter 1997).
|
| 538 |
|
|
|a Mode of access: World Wide Web.
|
| 588 |
0 |
|
|a Vol. 27, no. 1 (winter 1997); title from journal home page (viewed Oct. 13, 1999).
|
| 588 |
1 |
|
|a Vol. 30, no. 2 (spring 2000).
|
| 650 |
|
0 |
|a Middle Ages
|v Periodicals.
|
| 650 |
|
0 |
|a History, Modern
|v Periodicals.
|
| 650 |
|
6 |
|a Moyen Âge
|v Périodiques.
|
| 650 |
|
6 |
|a Histoire moderne et contemporaine
|v Périodiques.
|
| 650 |
|
7 |
|a History, Modern.
|2 fast
|0 (OCoLC)fst00958367
|
| 650 |
|
7 |
|a Middle Ages.
|2 fast
|0 (OCoLC)fst01020301
|
| 655 |
|
0 |
|a Electronic journals.
|
| 776 |
0 |
8 |
|i Print version:
|t Journal of medieval and early modern studies
|x 1082-9636
|w (OCoLC)32636243
|
| 856 |
4 |
0 |
|z Full text available from Research Library: 10/01/1997 to 04/30/2000
|u https://search.proquest.com/publication/35045
|